Entrepreneurship : (Record no. 600960)
[ view plain ]
| 000 -LEADER | |
|---|---|
| fixed length control field | 00271nam a2200109Ia 4500 |
| 008 - FIXED-LENGTH DATA ELEMENTS--GENERAL INFORMATION | |
| fixed length control field | 230907s9999||||xx |||||||||||||| ||und|| |
| 082 ## - DEWEY DECIMAL CLASSIFICATION NUMBER | |
| Classification number | 658.421 |
| Author Mark | KUR |
| 100 ## - MAIN ENTRY--PERSONAL NAME | |
| Personal name | Kuratko, Donald F., |
| 9 (RLIN) | 116072 |
| 245 #0 - TITLE STATEMENT | |
| Title | Entrepreneurship : |
| 300 ## - PHYSICAL DESCRIPTION | |
| Extent | xxxi, 465 pages : |
| 942 ## - ADDED ENTRY ELEMENTS (KOHA) | |
| Koha item type | Book |
| Withdrawn status | Lost status | Damaged status | Not for loan | Permanent Location | Current Location | Date acquired | Total Checkouts | Full call number | Barcode | Date last seen | Price effective from | Koha item type |
|---|---|---|---|---|---|---|---|---|---|---|---|---|
| US-Pakistan Center for Advanced Studies in Energy (USPCAS-E) | US-Pakistan Center for Advanced Studies in Energy (USPCAS-E) | 11/15/2019 | 658.421 KUR | CAS-E0005059 | 09/12/2023 | 09/12/2023 | Book |
